James Nasmyth, engineer : an autobiography /

Bibliographic Details
Main Author: Nasmyth, James, 1808-1890
Other Authors: Smiles, Samuel, 1812-1904
Format: Book
Language:English
Subjects:

MARC

Tag First Indicator Second Indicator Subfields
LEADER 00000cam a2200000 a 4500
001 in00000548129
005 20151014052258.0
008 840228r19441883wiuacfh 00110 eng d
035 |a (OCoLC)10468865 
035 |9 ACJ8292AM 
040 |a FWA  |c FWA  |d TXA  |d UtOrBLW 
049 |a TXAM  |c [1634477] 
090 |a TJ140.N25  |b A3 1944 
100 1 |a Nasmyth, James,  |d 1808-1890. 
245 1 0 |a James Nasmyth, engineer :  |b an autobiography /  |c edited by Samuel Smiles. 
264 0 |a Milwaukee, Wis. :  |b Reproduced as a contribution to the Engineering Industry by Lee Engineering Research Corp.,  |c 1944. 
300 |a xvii, 461 pages, 11 unnumbered leaves of plates :  |b illustrations, facsimiles, portrait ;  |c 22 cm. 
336 |a text  |b txt  |2 rdacontent 
337 |a unmediated  |b n  |2 rdamedia 
338 |a volume  |b nc  |2 rdacarrier 
500 |a Reprint. Originally published: New York : Harper & Brothers, 1883. 
500 |a Includes index. 
600 1 0 |a Nasmyth, James,  |d 1808-1890. 
700 1 |a Smiles, Samuel,  |d 1812-1904. 
999 |a MARS 
999 f f |s 0d3d0c53-a137-329d-88d4-f76767da8d5d  |i 158ddb68-89c4-3021-8a2e-4ce704de1b3f  |t 0 
952 f f |p ric  |a Texas A&M University  |b Rellis Campus  |c Joint Library Facility  |d Remote Storage  |t 0  |e TJ140.N25 A3 1944  |h Library of Congress classification  |i unmediated -- volume  |m A14808940277 
998 f f |a TJ140.N25 A3 1944  |t 0  |l Remote Storage